Statistics for Mega Man Series Quiz (Master Level)

Click here to take the quiz!

General Stats

  • This quiz has been taken 16 times
  • The average score is 4 of 10

Answer Stats

HintAnswer% Correct
True or False: Shadow Man was created by Dr. WilyFalse
92%
What is Proto Man's real name?Blues
77%
What is the name of Dr. Cossack's daughter?Kalinka
69%
What is the name of Mega Man's feline companion?Tango
62%
While Mega Man has Beat, who is Bass's bird companion?Reggae
46%
What type of compressed energy does Mega Man utilize for his Mega Buster?Solar
38%
The 4 Robot Masters that can turn into vehicles are: Turbo Man, Nitro Man, Galaxy Man and ???Ground Man
15%
Quick Man has a friendly rivalry with what other speedy Robot Master?Turbo Man
15%
What is Mega Man's armor made of?Ceramic Titanium
8%
Dynamo Man was one of two Robot Masters originally designed for educational purposes. Who is the other?Torch Man
8%

Score Distribution

Percentile by Number Answered

Percent of People with Each Score

Your Score History

You have not taken this quiz